01619nam a2200385 i 450000500170000000700030001700800410002002000180006104000350007904100130011408400110012710000440013824501650018224600650034725000220041226400330043430000550046733600270052233700330054933800280058249000230061052100540063353400680068754500740075565000430082965000470087265000370091965000550095665000330101165100650104470000400110970000540114994200150120399900150121820220317002028.0ta201110s2018 ck ao cr 000 fdspa d a9789583057069 aCO-BoRNBPbspacCO-BoRNBPerda1 aspahger aN REI81 aReifenberg, Frank Maríad1962-eautor10a60 segundos decidirán tu vidabpeligro en el ÁrticocFrank María Reifenberg ; con ilustraciones de Daniel Ernle ; traducción Lucía Borrero Gutiérrez 3aSesenta segundos decidirán tu vidabpeligro en el Ártico aPrimera edición 1aBogotábPanamericanac2018 a91 páginasbilustraciones, fotografías c22 cm 2rdacontentatextobtxt 2rdamediaasin mediaciónbn 2rdacarrieravolumenbnc aLiteratura juvenil aRecomendado para un público mayor de 12 años t60 sekunden entscheiden über dein leben. Gefahr in der Arktis aIncluye datos biográficos del autor e ilustrador al final del texto172LEMBaNovela juvenil alemanavSiglo XX172LEMBaLiteratura juvenil alemanaySiglo XX172LEMBaAutores alemanesySiglo XX172LEMBaEsquimalesxVida social y costumbresvNovela172LEMBaHistorias de aventuras 4aRegiones árticasxVida social y costumbresvNovela91582881 aErnle, Daniel eilustrador91582981 aBorrero Gutiérrez, Lucíaetraductora9158299 2loccBKLIT c8946d8946